Exonymous Countries Quiz Stats

 Plays Quiz Updated Sep 12, 2018

Score 0/41 Timer 06:00
0 Plays Today
Local name (endonym) English name (exonym) % Correct
EspañaSpain
95.8%
PolskaPoland
95.6%
RossiyaRussia
95.6%
DeutschlandGermany
95.4%
België / BelgiqueBelgium
92.5%
ČeskoCzechia
89.5%
NorgeNorway
88.6%
Schweiz/Suisse/Svizzera/SvizraSwitzerland
87.4%
SrbijaSerbia
81.3%
BălgarijaBulgaria
80.8%
SlovenskoSlovakia
80.5%
Nippon / NihonJapan
78.6%
Bharot / Bhārat / HindustānIndia
77.9%
iNingizimu Afrika / Afrika BorwaSouth Africa
76.7%
SverigeSweden
75.4%
ÉireIreland
74.6%
Ityop'iaEthiopia
73.6%
ÖsterreichAustria
71.6%
LietuvaLithuania
71.4%
ZhōngguóChina
70.5%
Hellas / ElladaGreece
68%
Local name (endonym) English name (exonym) % Correct
LubnānLebanon
67.2%
SuomiFinland
63.6%
TshādChad
61.8%
MagyarországHungary
60.5%
Mişr / MaşrEgypt
54.5%
Al-’UrdunJordan
47.7%
EestiEstonia
45.5%
Al-MaghribMorocco
44.1%
Al-Jazā'irAlgeria
43.7%
HangukSouth Korea
42.2%
HrvatskaCroatia
40.3%
ChosŏnNorth Korea
36.7%
MauriceMauritius
35.8%
ShqipëriaAlbania
28%
Ködörösêse tî BêafrîkaCentral African Republic
25.3%
Druk YulBhutan
24.5%
Crna GoraMontenegro
22.8%
Sak'art'veloGeorgia
22%
HayastánArmenia
20.7%
Dhivehi RaajjeMaldives
9.4%

You're not logged in!

Compare scores with friends on all Sporcle quizzes.
OR
Log In

Sporcle TV

Today on Sporcle TV


Watch our educational content, quiz creation guides, and fun videos on Sporcle TV.

Show Comments

Extras

Top Quizzes Today


Score Distribution

Your Account Isn't Verified!

In order to create a playlist on Sporcle, you need to verify the email address you used during registration. Go to your Sporcle Settings to finish the process.

Report this User

Report this user for behavior that violates our Community Guidelines.

Details: